| 000 | 00589nam a22001817a 4500 | ||
|---|---|---|---|
| 005 | 20251108165939.0 | ||
| 008 | 250721s9999 xx 000 0 ara d | ||
| 082 | 1 | 4 | _aق/كيل |
| 100 | 1 | _aكلير، هلين | |
| 245 | 1 | 0 |
_aقصة حياتي العجيبه : _bمن عيون الأدب و الفكر العالمي للشباب / |
| 264 | 1 |
_aالقاهره : _bمكتبة ابن سينا، _c[19-]. |
|
| 300 | _a175ص | ||
| 650 | 1 | 7 | _aالأدب العربي |
| 650 | 1 | 7 | _aأدب الأطفال |
| 700 | 1 |
_aوهدان، محمد _eترجمة |
|
| 942 |
_2ddc _cBK |
||
| 999 |
_c35564 _d35564 |
||